000 00395nam a2200169Ia 4500
001 29367
003 IN-NITTTR
005 20251114233401.0
008 251113s9999||||xx |||||||||||||| ||eng||
040 _beng
040 _cIN-NITTTR
041 _aeng
082 _a621.3678 J774F
100 _aJoseph, George
245 0 _aFundamentals of remote sensing /
_cJoseph, George
942 _2ddc
_cBK
999 _c31995
_d31995